000 00780nam a2200193 u 4500
001 000795757
003 AM-YeHGA
005 20250617144218.0
008 110315s1984 ||| r 000 0 rus d
040 _aAM-YeHGA
041 0 _arus
100 1 _aТитов, Владислав Андреевич
245 1 0 _aИзбранное :
_bПовести, рассказы /
_cВ.А. Титов; Предисл. Б.Н. Полевого.
260 _aМосква :
_bХудожественная литература,
_c1984.
300 _a528 стр. :
_b[1] л. портр. ;
_c21 см.
650 1 4 _aРусская литература
_xИзбранное
700 1 _aПолевой, Борис Николаевич
_d1908-1981
_eавт. предисл.
_4aui
090 _c291725
999 _c290050
_d290050